<?xml version="1.0" encoding="UTF-8"?>
<record
    xmlns:xsi="http://www.w3.org/2001/XMLSchema-instance"
    xsi:schemaLocation="http://www.loc.gov/MARC21/slim http://www.loc.gov/standards/marcxml/schema/MARC21slim.xsd"
    xmlns="http://www.loc.gov/MARC21/slim">

  <leader>00806cam a22002291  4500</leader>
  <controlfield tag="001">he 68000856 </controlfield>
  <controlfield tag="003">DLC</controlfield>
  <controlfield tag="005">20260227111456.0</controlfield>
  <controlfield tag="008">860909s1964    is ac    b    000 0 hebo </controlfield>
  <datafield tag="010" ind1=" " ind2=" ">
    <subfield code="a">he 68000856 </subfield>
  </datafield>
  <datafield tag="035" ind1=" " ind2=" ">
    <subfield code="a">(OCoLC)14197401</subfield>
  </datafield>
  <datafield tag="040" ind1=" " ind2=" ">
    <subfield code="a">DLC</subfield>
    <subfield code="c">CU</subfield>
    <subfield code="d">DLC</subfield>
  </datafield>
  <datafield tag="043" ind1=" " ind2=" ">
    <subfield code="a">a-is---</subfield>
  </datafield>
  <datafield tag="050" ind1="0" ind2="0">
    <subfield code="a">HD8761.P33</subfield>
    <subfield code="b">M4</subfield>
  </datafield>
  <datafield tag="100" ind1="1" ind2=" ">
    <subfield code="a">Merom, Shelomoh.</subfield>
  </datafield>
  <datafield tag="245" ind1="1" ind2="0">
    <subfield code="a">Tenu&#x2BB;at ha-&#x2BB;avodah ha-&#x2BB;Ivrit, me-reshitah &#x1E7F;e-&#x2BB;ad ha-&#x2BB;aliyah ha-shelishit ;</subfield>
    <subfield code="b">pir&#x1E33;e limud &#x1E7F;e-&#x2BB;iyun le-talmide bate-sefer, le-morim ule-ma&#x15B;kilim</subfield>
    <subfield code="c">[me-et] Shelomoh Merom (&#x1E7E;il&#x1E33;omirs&#x1E33;i)</subfield>
  </datafield>
  <datafield tag="260" ind1=" " ind2=" ">
    <subfield code="a">[Tel-Aviv,</subfield>
    <subfield code="c">1964 or 5]</subfield>
  </datafield>
  <datafield tag="300" ind1=" " ind2=" ">
    <subfield code="a">319 p.</subfield>
    <subfield code="b">illus., ports.</subfield>
    <subfield code="c">22 cm.</subfield>
  </datafield>
  <datafield tag="500" ind1=" " ind2=" ">
    <subfield code="a">Includes bibliographies.</subfield>
  </datafield>
  <datafield tag="650" ind1=" " ind2="0">
    <subfield code="a">Labor and laboring classes</subfield>
    <subfield code="z">Israel</subfield>
    <subfield code="x">History.</subfield>
  </datafield>
  <datafield tag="650" ind1=" " ind2="0">
    <subfield code="a">Labor unions</subfield>
    <subfield code="z">Israel</subfield>
    <subfield code="x">History.</subfield>
  </datafield>
  <datafield tag="999" ind1=" " ind2=" ">
    <subfield code="c">33120</subfield>
    <subfield code="d">33120</subfield>
  </datafield>
</record>
